Leonardo DiCaprio Collaborations - Statistics

General Stats
  • This quiz has been taken 23 times
    18 since last reset
  • The average score is 9 of 20
Answer Stats
Actor Movie % Correct
Tom Hanks Catch Me If You Can
88%
Samuel L. Jackson Django Unchained
88%
Jack Nicholson The Departed
75%
Matthew McConaughey The Wolf of Wall Street
69%
Jennifer Lawrence Don't Look Up
63%
Johnny Depp What's Eating Gilbert Grape
63%
Mark Ruffalo Shutter Island
56%
Cameron Diaz Gangs of New York
50%
Djimon Hounsou Blood Diamond
44%
Marion Cotillard Inception
38%
Claire Danes Romeo + Juliet
38%
Tilda Swinton The Beach
31%
Carey Mulligan The Great Gatsby
31%
Gene Hackman The Quick and the Dead
31%
Kate Beckinsale The Aviator
25%
Lorraine Bracco The Basketball Diaries
25%
Domhnall Gleeson The Revenant
25%
Winona Ryder Celebrity
19%
Naomi Watts J. Edgar
19%
Gabriel Byrne The Man in the Iron Mask
19%
No matching quizzes found
Score Distribution
Percent of People with Each Score
Percentile by Number Answered
Your Score History
You have not taken this quiz since the last reset